| 000 | 00470nam a22001577a 4500 | ||
|---|---|---|---|
| 003 | MACL | ||
| 005 | 20171117125537.0 | ||
| 008 | 151118b xxu||||| |||| 00| 0 eng d | ||
| 040 | _cMACL | ||
| 041 | _aHINDI | ||
| 082 | _a001 | ||
| 100 |
_aविश्वकर्मा संतोष कुमारी _917503 |
||
| 245 | _aदरवाजा किस्मत का भाग 2 | ||
| 650 |
_aसामान्य वर्ग _936 |
||
| 942 |
_2ddc _cHIN |
||
| 999 |
_c50702 _d50702 |
||